000 00537nam a2200241Ia 4500
003 OSt
005 20220912145515.0
006 a|||||r|||| 00| 0
007 ta
008 220909b |||||||| |||| 00| 0 eng d
024 _a69008
037 _cTextual
040 _aCSL
_beng
_cCSL
041 _aeng
082 _aK, H5
100 _aLister Harry
245 0 _aAids to zoology
260 _c1945
300 _ap.
_ccm.
650 _aZoology
942 _hK, H5
_cTEXL
_2CC
999 _c33312
_d33312